| 000 | 01034nam a2200241 4500 | ||
|---|---|---|---|
| 003 | LK-CoMWRAF | ||
| 005 | 20231211131752.0 | ||
| 008 | 231203b2004 |||||||| |||| 00| 0 eng d | ||
| 020 | _a9834240023 | ||
| 040 |
_aLK-CoMWRAF _dLK-CoMWRAF _eLK-CoMWRAF |
||
| 041 | _aeng | ||
| 082 |
_a305.42 _bSEP |
||
| 100 | _aSepper, Liz | ||
| 245 |
_a Lack of access lack of care : _ba reference guide to women's right to health in the international trading system |
||
| 260 |
_aKuala Lumpur: _b International Women's Rights Action Watch Asia Pacific, _c2004 |
||
| 300 |
_a ii, 64 p. ; 22 cm. _bBibliography and index included |
||
| 490 |
_a IWRAW Asia Pacific occasional papers series _vNo.3 |
||
| 650 | _aWomen Health and hygiene- Sociological aspects | ||
| 650 | _aWomen's health services- Social aspects -Southeast Asia | ||
| 650 | _aWomen's rights-Southeast Asia | ||
| 856 | _uhttps://www.iwraw-ap.org/wp-content/uploads/2019/07/OPS_3-Lack-of-Access-Lack-of-Care-A-reference-guide-to-women%E2%80%99s-right-to-health.pdf | ||
| 942 | _cBK | ||
| 999 |
_c4282 _d4282 |
||